Statystyki dla Kluby piłkarskie w Premier League 2021/2222

Kliknij tutaj aby rozwiązać quiz!

Ogólne statystyki

  • Ten quiz został rozwiązany 37 razy
  • Średni wynik to 13 z 20

Statystyki odpowiedzi

Odpowiedź% Poprawnych
Manchester City
97%
Manchester United
94%
Chelsea
88%
Liverpool
88%
Arsenal
81%
Tottenham
75%
Leicester
69%
West Ham
69%
Newcastle
66%
Aston Villa
63%
Everton
59%
Southampton
56%
Crystal Palace
53%
Burnley
50%
Leeds
50%
Brighton
47%
Wolverhampton
47%
Norwich
44%
Brentford
41%
Watford
38%

Rozkład punktacji

Percentyl według liczby udzielonych odpowiedzi

Procent ludzi z każdym wynikiem

Twoja historia wyników

Nie rozwiązałeś tego quizu